| 000 | 00974nam a22002657a 4500 | ||
|---|---|---|---|
| 001 | 9098 | ||
| 003 | FISKH | ||
| 005 | 20251120092550.0 | ||
| 008 | 251119b cb ||||| |||| 00| 0 eng d | ||
| 020 | _a9780440422068 | ||
| 040 |
_aFISKH _beng _cFISKH _dFISKH |
||
| 050 | _aPZ7.F8715 B | ||
| 082 | _a813.6 | ||
| 100 |
_aFrazier, Sundee T. _eAuthor |
||
| 245 |
_aBrendan Buckley's universe and everything in it / _cSundee T. Frazier |
||
| 260 |
_aNew York : _bYearling , _c2007 |
||
| 300 |
_a198 pages : _c20 cm |
||
| 505 | _aM | ||
| 520 | _aBrendan Buckley, a biracial ten-year-old, applies his scientific problem-solving ability and newfound interest in rocks and minerals to connect with his white grandfather, the president of Puyallup Rock Club, and to learn why he and Brendan's mother are estranged. | ||
| 521 | 8 |
_a630
_bLexile |
|
| 521 | 8 |
_aM
_bRaz-Plus |
|
| 650 |
_aRealistic fiction _vScientific problem-solving |
||
| 942 |
_2ddc _cBK _n0 |
||
| 999 |
_c9098 _d9098 |
||